Education index. (Record no. 160797)
[ view plain ]
| 000 -LEADER | |
|---|---|
| fixed length control field | 01431cam7a220040901 4500 |
| 001 - CONTROL NUMBER | |
| control field | lce00367855 |
| 003 - CONTROL NUMBER IDENTIFIER | |
| control field | DLC |
| 005 - DATE AND TIME OF LATEST TRANSACTION | |
| control field | 20190826094706.0 |
| 008 - FIXED-LENGTH DATA ELEMENTS--GENERAL INFORMATION | |
| fixed length control field | 750824c19299999nyumn1 i 0 a0eng d |
| 010 ## - LIBRARY OF CONGRESS CONTROL NUMBER | |
| Canceled/invalid LC control number | sc 78000574 ; |
| -- | 30023807 //r582 ; a12.1..1.11 |
| 022 0# - INTERNATIONAL STANDARD SERIAL NUMBER | |
| International Standard Serial Number | 0013-1385 |
| 032 ## - POSTAL REGISTRATION NUMBER | |
| Postal registration number | 880600 |
| Source agency assigning number | USPS |
| 035 ## - SYSTEM CONTROL NUMBER | |
| System control number | (Sirsi) r17488 |
| 035 ## - SYSTEM CONTROL NUMBER | |
| System control number | (OCoLC)1567550 |
| 035 ## - SYSTEM CONTROL NUMBER | |
| System control number | (DNLM)E02060000(s) |
| 035 ## - SYSTEM CONTROL NUMBER | |
| System control number | (DLC)sc 78000574 |
| 035 ## - SYSTEM CONTROL NUMBER | |
| System control number | (UPRA)lce00367855 |
| 037 ## - SOURCE OF ACQUISITION | |
| Source of stock number/acquisition | H. W. Wilson Co., 950 University Ave., Bronx, NY 10452 |
| Terms of availability | |
| -- | 6.00 |
| 040 ## - CATALOGING SOURCE | |
| Original cataloging agency | MnMULS |
| Transcribing agency | MnMULS |
| Modifying agency | CtY |
| -- | NSDP |
| -- | DLC |
| -- | NSDP |
| -- | DLC |
| -- | OCoLC |
| -- | OCoLC |
| -- | NSDP |
| -- | OCoLC |
| -- | NSDP |
| -- | DLC |
| -- | NST |
| -- | NSDP |
| -- | DLC |
| -- | UPRA |
| 042 ## - AUTHENTICATION CODE | |
| Authentication code | nsdp |
| -- | lc |
| 050 00 - LIBRARY OF CONGRESS CALL NUMBER | |
| Classification number | Z5813 |
| Item number | .E23 |
| 060 0# - NATIONAL LIBRARY OF MEDICINE CALL NUMBER | |
| Classification number | ZLA 11 E24 |
| 082 10 - DEWEY DECIMAL CLASSIFICATION NUMBER | |
| Classification number | 370 |
| Edition number | 11 |
| 210 0# - ABBREVIATED TITLE | |
| Abbreviated title | Educ. index |
| 222 #0 - KEY TITLE | |
| Key title | Education index |
| 245 00 - TITLE STATEMENT | |
| Title | Education index. |
| 260 ## - PUBLICATION, DISTRIBUTION, ETC. | |
| Place of publication, distribution, etc. | New York : |
| Name of publisher, distributor, etc. | H.W. Wilson Co. |
| 310 ## - CURRENT PUBLICATION FREQUENCY | |
| Current publication frequency | Monthly (except July and Aug.) |
| 362 0# - DATES OF PUBLICATION AND/OR SEQUENTIAL DESIGNATION | |
| Dates of publication and/or sequential designation | Vol. 1- Jan. 1929- |
| 580 ## - LINKING ENTRY COMPLEXITY NOTE | |
| Linking entry complexity note | CD-ROM ed. available: Education index (Bronx, New York, N.Y.) |
| 710 2# - ADDED ENTRY--CORPORATE NAME | |
| Corporate name or jurisdiction name as entry element | H.W. Wilson Company. |
| Linkage | A55269.3 |
| 775 1# - OTHER EDITION ENTRY | |
| Title | Education index (Bronx, New York, N.Y.) |
| International Standard Serial Number | 1076-707X |
| Record control number | (DLC)sn 94003877. |
| 949 ## - LOCAL PROCESSING INFORMATION (OCLC) | |
| a | Z5813 |
| w | lcc |
| m | MAIN |
| t | BOOK |
| l | ON-SHELF |
| 987 ## - LOCAL ROMANIZATION/CONVERSION HISTORY (OCLC) | |
| Romanization/conversion identifier | Holdings : use? |
| Agency that converted, created or reviewed | card doesn't specify what volumes or editions are available. |
| Withdrawn status | Lost status | Source of classification or shelving scheme | Damaged status | Not for loan | Home library | Current library | Shelving location | Total Checkouts | Full call number | Barcode | Date last seen | Copy number | Price effective from | Koha item type |
|---|---|---|---|---|---|---|---|---|---|---|---|---|---|---|
| Library of Congress Classification | Main Library | Main Library | On Shelf | Z5813 | 56474-1001 | 08/26/2019 | 1 | 08/26/2019 | Book |